00437nam a2200157Ia 450000500170000000800410001702000180005803700130007604000200008904100130010908400190012210000110014124500890015226000290024130000090027020250326140556.0250326s9999 xx 000 0 und d a0 7494 3215 2 aTextbook aFMSLbengcFMSL aeng2eng aX:51x P0qFMSL aBird D 0aMarketing insights rages: Collection of pithy pieces form marketing magazinecBird D aUSbUS, Kogan Pagec2000 a259p